O meu amigo lama (Registo nº 6058)
[ vista simples ]
| 000 -Etiqueta do registo | |
|---|---|
| Valores | 01093cam a2200265 4500 |
| 021 ## - Número do Depósito Legal | |
| Número | 34447/90 |
| 100 ## - Dados gerais de processamento | |
| Dados gerais | 20211231d1990 a||y0pory5003 ba |
| 200 1# - Titulo e menção de responsabilidade | |
| Título próprio | O meu amigo lama |
| Informação de outro título | Viagem aos Andes |
| Primeira menção de responsabilidade | Maryse Lamigeon |
| Outras menções de responsabilidade | trad. e adapt. Judite Cardoso |
| -- | consultor pedagógico Ernesto Campos |
| 205 ## - Menção da edição | |
| Edição | 2ªed |
| 210 #9 - Publicação | |
| Local de publicação | Porto |
| Nome do editor | Asa |
| Data de publicação | 1990 |
| 215 ## - Descrição física | |
| Paginação / Volumes | [41]p. |
| Outras indicações físicas | muito il. |
| Dimensões | 32 cm |
| 225 2# - Colecção | |
| Título próprio da colecção | Viagens à volta do mundo |
| Indicação de volume | 3 |
| 330 ## - Sumário ou Resumo | |
| Texto da nota | Paco, um rapazinho do Equador, dirige-se ao mercado de Quito, para vender batatas. pelo caminho, encontra um lama que procura a aldeia onde se celebra a Festa da Dança do Lama. Curioso e desejoso de ver o local, Paco segue-o e faz uma viagem extraordinária ao país dos Incas. |
| 606 ## - Nome comum usado como assunto | |
| ID Autoridade | 14 |
| Palavra de ordem | Literatura infantil |
| 606 ## - Nome comum usado como assunto | |
| ID Autoridade | 13 |
| Palavra de ordem | Literatura Estrangeira |
| 675 ## - CDU | |
| Notação | 82-93 |
| Edição | BN |
| Língua | por |
| 675 ## - CDU | |
| Notação | 821.1/.8 |
| Edição | BN |
| Língua | por |
| 700 ## - Autor principal (pessoa individual) | |
| Apelido | Lamigeon |
| Nome | Maryse |
| ID Autoridade | 5386 |
| Datas | 1957- |
| 702 ## - Autor secundário (pessoa individual) | |
| Apelido | Campos |
| Nome | Ernesto |
| Datas | 1934- |
| ID Autoridade | 5762 |
| 702 ## - Autor secundário (pessoa individual) | |
| Apelido | Cardoso |
| Nome | Maria Judite |
| ID Autoridade | 4400 |
| 801 #0 - Fonte de origem | |
| País | PT |
| Agência | BMVN |
| Regras de catalogação | RPC |
| 830 ## - Notas gerais do catalogador | |
| Criado por | Ana Caetano |
| Data de criação | 31/12/2021 |
| 990 ## - Elementos KOHA | |
| Tipo de documento | Livro |
| Situação do levantamento | Biblioteca de origem | Código de barras | Cota | Permissão de empréstimo | Tipo de documento | Forma de aquisição |
|---|---|---|---|---|---|---|
| Biblioteca Municipal de Vendas Novas | 100000002243 | LI EST/LAM | Livro |